Special topics in algebra : universal algebra /
Guardado en:
| Autor Principal: | |
|---|---|
| Otros Autores: | |
| Formato: | Libro |
| Idioma: | English |
| Publicado: |
[New York] :
Courant Institute of Mathematical Sciences, New York University,
c1962.
|
| Etiquetas: |
Agregar Etiqueta
Sin Etiquetas, Sea el primero en etiquetar este registro!
|
| LEADER | 00594nam a22001575a 4500 | ||
|---|---|---|---|
| 001 | MAT.inmabb001400 | ||
| 008 | 031124s1962####nyu###########000#0#eng#d | ||
| 005 | 20170815142700.0 | ||
| 245 | 1 | 0 | |a Special topics in algebra : |b universal algebra / |c by B. H. Neumann ; notes by P. M. Neumann. |
| 260 | |a [New York] : |b Courant Institute of Mathematical Sciences, New York University, |c c1962. | ||
| 300 | |a ii, 77 h. ; |c 28 cm. | ||
| 500 | |a Lectures delivered in the Fall semester 1961-62. | ||
| 100 | 1 | |a Neumann, B. H. | |
| 700 | 1 | |a Neumann, P. M. |4 xxx | |
| 084 | |a 00A05 |2 msc2000 | ||
| 859 | |i N492 |p A-1665 |b BIB. MATEMATICA | ||
